Budova a energia

Bibliographic Details
Main Author: Bielek, Milan, 1938- (Author)
Format: Book
Language:Slovak
PhysicalDescription:212 s. Fotogr., sch., tab. 29 cm
Published: Banská Bystrica Vidas 1995
ISBN:8085306077
Series:Stavebnícka literatúra
Subjects:

MARC

LEADER 00000nam a2200000 a 4500
001 vtls001183426
003 SK-MaSNL
005 20260301154325.0
008 251113s1995 xo ap r yy slo
015 |a SNBA1996/0601555 
020 |a 8085306077  |c (800 výt.) 
035 |a SNK000126480 
035 |a urn:nbn:sk:snk-amljga 
035 |a urn:nbn:sk:snk-am00bosk 
035 |a 087EDD04-D809-4B92-A1B5-B5446B2C5F79 
040 |a SNK  |b slo  |c SNK  |e AACR2 
041 0 |a slo 
044 |a xo  |c SK 
080 |a 697(035)  |2 1981 
100 1 |a Bielek, Milan,  |d 1938-  |4 aut  |9 213821 
245 1 |a Budova a energia  |c Milan Bielek 
260 |a Banská Bystrica  |b Vidas  |c 1995 
300 |a 212 s.  |b Fotogr., sch., tab.  |c 29 cm 
490 1 |a Stavebnícka literatúra 
504 |a Bibliogr. s. 207-210 
650 0 7 |a budovy  |x energia  |x spotreba  |x znižovanie  |x príručky  |2 SNK  |9 517087 
655 7 |a príručky  |2 SNK  |9 74364 
830 0 |a Stavebnícka literatúra  |9 517088 
919 |a 80-85306-07-7 
958 |a TL 
958 |a NB 
958 |a OND 
999 |c 796409  |d 798339 
952 |t P60, <09>, [BOOK], {629}  |a SNK  |b SNK  |y NEVYP  |7 0  |o snkB 350  |i snk1115/960318  |0 0  |1 0  |4 0  |d 1996-03-15  |l 0  |r 2005-01-01 00:00:00  |w 2026-02-24 
952 |t P60, <03>, [BOOK], {603}  |a SNK  |b SNK  |y PREZ  |7 0  |p 17A0001247  |o snkSB 55268  |i snkKSP 2978/96  |0 0  |1 0  |4 0  |d 1996-03-15  |f 1  |l 0  |r 2016-12-31 00:00:00  |w 2026-02-24